Basics of anesthesia (6th edition) (Record no. 63709)

MARC details
000 -LEADER
fixed length control field 01558nam a2200229 a 4500
008 - FIXED-LENGTH DATA ELEMENTS--GENERAL INFORMATION
fixed length control field 190611s2011 ||||||||||||||||| || u
020 ## - INTERNATIONAL STANDARD BOOK NUMBER
International Standard Book Number 9781437716146
050 ## - LIBRARY OF CONGRESS CALL NUMBER
Classification number RD 81 Mil
100 ## - MAIN ENTRY--PERSONAL NAME
Personal name Pardo, Manuel C
245 10 - TITLE STATEMENT
Title Basics of anesthesia (6th edition)
Statement of responsibility, etc. By Ronald D. Miller, Manuel C. Pardo
250 ## - EDITION STATEMENT
Edition statement 6th edition
260 ## - PUBLICATION, DISTRIBUTION, ETC.
Place of publication, distribution, etc. Philadelphia
Name of publisher, distributor, etc. Elsevier Saunders
Date of publication, distribution, etc. 2011
300 ## - PHYSICAL DESCRIPTION
Extent xii, 817 pages : illustrations
650 ## - SUBJECT ADDED ENTRY--TOPICAL TERM
Topical term or geographic name entry element ANESTHESIA
700 ## - ADDED ENTRY--PERSONAL NAME
Personal name Miller, Ronald D
995 ## -
-- MICHAEL CHILUFYA SATA OPEN ACCESS
-- 904765
-- CBU-SCHOOL OF MEDICINE LIBRARY (Ndola)
-- RD 81 Mil
-- 6
-- AVAILABLE
-- Feb 7, 2020
-- 904765
-- Medical Library Open Access Collection
995 ## -
-- MEDICAL LIBRARY OPEN ACCESS
-- 904129
-- CBU-SCHOOL OF MEDICINE LIBRARY (Ndola)
-- RD 81 Mil
-- 2
-- AVAILABLE
-- Jun 13, 2019
-- 904129
-- Medical Library Open Access Collection
995 ## -
-- MEDICAL LIBRARY OPEN ACCESS
-- 904132
-- CBU-SCHOOL OF MEDICINE LIBRARY (Ndola)
-- RD 81 Mil
-- 4
-- AVAILABLE
-- Jun 13, 2019
-- 904132
-- Medical Library Open Access Collection
995 ## -
-- MICHAEL CHILUFYA SATA OPEN ACCESS
-- 904764
-- CBU-SCHOOL OF MEDICINE LIBRARY (Ndola)
-- RD 81 Mil
-- 5
-- AVAILABLE
-- Feb 7, 2020
-- 904764
-- Medical Library Open Access Collection
995 ## -
-- MEDICAL LIBRARY OPEN ACCESS
-- 904130
-- CBU-SCHOOL OF MEDICINE LIBRARY (Ndola)
-- RD 81 Mil
-- 1
-- AVAILABLE
-- Jun 13, 2019
-- 904130
-- Medical Library Open Access Collection
995 ## -
-- MEDICAL LIBRARY OPEN ACCESS
-- 904131
-- CBU-SCHOOL OF MEDICINE LIBRARY (Ndola)
-- RD 81 Mil
-- 3
-- AVAILABLE
-- Jun 13, 2019
-- 904131
-- Medical Library Open Access Collection
999 ## -
-- 63709
-- 63709
Holdings
Withdrawn status Lost status Source of classification or shelving scheme Damaged status Not for loan Permanent Location Current Location Shelving location Date acquired Total Checkouts Full call number Barcode Date last seen Copy number Price effective from Koha item type Date last checked out
          CBU-MICHAEL CHILUFYA SATA LIBRARY CBU-MICHAEL CHILUFYA SATA LIBRARY   01/25/2023   RD 81 Mil 904765 01/25/2023 1 01/25/2023 MONOGRAPH  
          CBU-SCHOOL OF MEDICINE LIBRARY, NDOLA. CBU-SCHOOL OF MEDICINE LIBRARY, NDOLA.   01/25/2023   RD 81 Mil 904129 01/25/2023 2 01/25/2023 MONOGRAPH  
          CBU-SCHOOL OF MEDICINE LIBRARY, NDOLA. CBU-SCHOOL OF MEDICINE LIBRARY, NDOLA.   01/25/2023   RD 81 Mil 904132 01/25/2023 3 01/25/2023 MONOGRAPH  
          CBU-MICHAEL CHILUFYA SATA LIBRARY CBU-SCHOOL OF MEDICINE LIBRARY, NDOLA.   01/25/2023 1 RD 81 Mil 904764 07/31/2024 4 01/25/2023 MONOGRAPH 07/04/2024
          CBU-SCHOOL OF MEDICINE LIBRARY, NDOLA. CBU-SCHOOL OF MEDICINE LIBRARY, NDOLA.   01/25/2023   RD 81 Mil 904130 01/25/2023 5 01/25/2023 MONOGRAPH  
          CBU-SCHOOL OF MEDICINE LIBRARY, NDOLA. CBU-SCHOOL OF MEDICINE LIBRARY, NDOLA.   01/25/2023   RD 81 Mil 904131 01/25/2023 6 01/25/2023 MONOGRAPH